Adhesion strength evaluation via constrained blister test. 1.SIBS/polystyrene and polypropylene (Record no. 53824)

MARC details
000 -LEADER
fixed length control field 00481nam a2200169Ia 4500
100 ## - MAIN ENTRY--AUTHOR NAME
Personal name Mousa A M
245 #0 - TITLE STATEMENT
Title Adhesion strength evaluation via constrained blister test. 1.SIBS/polystyrene and polypropylene
260 ## - PUBLICATION, DISTRIBUTION, ETC. (IMPRINT)
Name of publisher Rubber Chemistry and Technology
Year of publication 2004
300 ## - PHYSICAL DESCRIPTION
Number of Pages 278-292
650 ## - SUBJECT ADDED ENTRY--TOPICAL TERM
Topical Term Adhesion
650 ## - SUBJECT ADDED ENTRY--TOPICAL TERM
Topical Term Blister test
700 ## - ADDED ENTRY--PERSONAL NAME
Personal name Baer E
700 ## - ADDED ENTRY--PERSONAL NAME
Personal name El-Mosallamy ES H
700 ## - ADDED ENTRY--PERSONAL NAME
Personal name Mekewi M A
942 ## - ADDED ENTRY ELEMENTS (KOHA)
Koha item type Journals
Holdings
Withdrawn status Lost status Damaged status Not for loan Home library Current library Shelving location Date acquired Serial Enumeration / chronology Koha item type
      Journals RRII Library RRII Library Rubber chemistry 17/12/2021 Volume 77, Issue 2 Journals